Οι σημειώσεις ενός ζηλωτή : ποιήματα
Αποθηκεύτηκε σε:
| Κύριος συγγραφέας: | |
|---|---|
| Μορφή: | Βιβλίο |
| Γλώσσα: | Greek |
| Δημοσίευση: |
Αθήνα :
Καστανιώτης,
1988
|
| Θέματα: | |
| Ετικέτες: |
Προσθήκη ετικέτας
Δεν υπάρχουν, Καταχωρήστε ετικέτα πρώτοι!
|
MARC
| LEADER | 00000cam a2200000 i 4500 | ||
|---|---|---|---|
| 001 | 1/50814 | ||
| 008 | 140704s1988 gre d | ||
| 020 | |a 960-03-0043-7 | ||
| 035 | |l 10118224 | ||
| 040 | |a GR-MY-UA |b gre |e aacr | ||
| 041 | 0 | |a gre | |
| 082 | 0 | |a 889.1 |2 (23) | |
| 100 | 1 | |a Κακουλίδης, Γιώργος, |d 1956- | |
| 245 | 1 | 3 | |a Οι σημειώσεις ενός ζηλωτή : |b ποιήματα / |c Γιώργος Κακουλίδης |
| 260 | |a Αθήνα : |b Καστανιώτης, |c 1988 | ||
| 300 | |a 43 σ.; |c 21 εκ. | ||
| 650 | 0 | 0 | |a Greek poetry, Modern |y 20th century. |
| 852 | |a INST |b LEMNOS |e 20140704 |h 889.1 ΚΑΚ |p 005600001191 |q 005600001191 |t BK |y 0 | ||
| 901 | |a BIBL6-2014-2 | ||
| 909 | |a Μ |b 161416 | ||
| 922 | |a 6ΕΛΗ | ||
| 970 | |a ΜΟΣΧΟΒΗ |b ΕΥΑΓΓΕΛΙΑ |z 2014/07/04 | ||